MARC

LEADER 00000nam0a2200000 4500
001 366736
005 20231102011918.0
035 |a (RuTPU)RU\TPU\retro\24099 
090 |a 366736 
100 |a 20220216d1979 km y0rusy50 ca 
101 0 |a rus 
102 |a RU 
105 |a a z 001zy 
200 1 |a Уравнивание геодезических сетей  |f М. М. Машимов 
210 |a Москва  |c Недра  |d 1979 
215 |a 367 с.  |c ил. 
320 |a Библиогр.: с. 354-356 
606 1 |a Геодезические сети  |x Уравнивание  |2 stltpush  |3 (RuTPU)RU\TPU\subj\5997  |9 33969 
610 1 |a системы координат 
610 1 |a пространственная система координат 
610 1 |a геодезические уравнения 
610 1 |a вычисления 
610 1 |a электронные вычислительные машины 
610 1 |a применение 
675 |a 528.3  |v 4 
700 1 |a Машимов  |b М. М.  |g Мухамбет Машимович 
801 1 |a RU  |b 63413507  |c 20220216 
942 |c BK